Etude de l'impact du gène de resistance Kdr sur le comportement des anopheles (Record no. 48183)

MARC details
000 -LEADER
fixed length control field 00572nam a22001937a 4500
003 - CONTROL NUMBER IDENTIFIER
control field 0
005 - DATE AND TIME OF LATEST TRANSACTION
control field 20160609170034.0
008 - FIXED-LENGTH DATA ELEMENTS--GENERAL INFORMATION
fixed length control field 101112t xxu||||| |||| 00| 0 eng d
040 ## - SOURCE DU CATALOGAGE
Original cataloging agency BUAC
Transcribing agency BEPAC
100 ## - VEDETTE PRINCIPALE - NOM DE PERSONNE
Personal name Alassane , Moussa
9 (RLIN) 10861
130 ## - VEDETTE PRINCIPALE - TITRE UNIFORME
Language of a work fr
9 (RLIN) 10862
245 ## - TITLE STATEMENT
Title Etude de l'impact du gène de resistance Kdr sur le comportement des anopheles
260 ## - PUBLICATION, DISTRIBUTION, ETC. (IMPRINT)
Place of publication, distribution, etc UAC-EPAC
Name of publisher, distributor, etc UAC-EPAC
Date of publication, distribution, etc 2006-2007
300 ## - PHYSICAL DESCRIPTION
Extent XVII-84p.
650 ## - SUBJECT ADDED ENTRY--TOPICAL TERM
Topical term or geographic name as entry element GENE
Topical term following geographic name as entry element COMPORTEMENT DES ANOPHELES
9 (RLIN) 10863
650 ## - SUBJECT ADDED ENTRY--TOPICAL TERM
Topical term or geographic name as entry element RESISTANCE Kdr
9 (RLIN) 10864
700 ## - ADDED ENTRY--PERSONAL NAME
Personal name Soumanou , Lawal
9 (RLIN) 10865
942 ## - ADDED ENTRY ELEMENTS (KOHA)
Koha item type Thèse et Memoire
Holdings
Withdrawn status Lost status Damaged status Not for loan Location (home branch) Sublocation or collection (holding branch) Date acquired Source of acquisition Koha issues (times borrowed) Koha full call number Piece designation (barcode) Koha date last seen Copy number Price effective from Koha item type
        Bibliothèque Ecole Polytechnique d'Abomey-Calavi Bibliothèque Ecole Polytechnique d'Abomey-Calavi 12/11/2010 Dépot légal   26/ABM/ALA M16098EPAC 12/11/2010 1 12/11/2010 Thèse et Memoire
        Bibliothèque Ecole Polytechnique d'Abomey-Calavi Bibliothèque Ecole Polytechnique d'Abomey-Calavi 12/11/2010 Dépot légal   26/ABM/ALA M16099EPAC 12/11/2010 2 12/11/2010 Thèse et Memoire
        Bibliothèque Ecole Polytechnique d'Abomey-Calavi Bibliothèque Ecole Polytechnique d'Abomey-Calavi 12/11/2010 Dépot légal   26/ABM/ALA M16100EPAC 12/11/2010 3 12/11/2010 Thèse et Memoire


© 2008, Bibliothèques de l'Université d'Abomey-Calavi

04 BP 789 Cotonou, Tél. : +229 21 36 01 01, Fax : +229 21 35 06 32

Courriel : bu@bu.uac.bj